Statistics for Batman v Superman: Dawn of Justice Characters Quiz

Click here to take the quiz!

General Stats

  • This quiz has been taken 61 times
  • The average score is 8 of 12

Answer Stats

Actor/ActressDescriptionCharacter% Correct
Ben AffleckA billionaire socialite and owner of Wayne Enterprises who protects Gotham City from its criminal underworld as a highly trained, masked vigilanteBruce Wayne / Batman
100%
Henry CavillA Metropolis-based Kryptonian survivor and a journalist for the Daily Planet who uses his extraterrestrial abilities to protect humanityClark Kent / Superman
100%
Gal GadotA 5,000-year-old Amazonian princess and daughter of Zeus who poses as a wealthy entrepreneurDiana Prince / Wonder Woman
98%
Amy AdamsA reporter for the Daily Planet and love interest of Clark KentLois Lane
97%
Jeremy IronsBruce Wayne's butler, chief of security and trusted confidantAlfred Pennyworth
97%
Jesse EisenbergAn eccentric young businessman and hereditary CEO of LexCorp who is obsessed with defeating SupermanLex Luthor
93%
Diane LaneClark's adoptive motherMartha Kent
86%
Laurence FishburneThe editor-in-chief of the Daily Planet and Clark and Lois's bossPerry White
57%
Holly HunterThe United States Junior Senator from Kentucky who heads the political argument on Superman and his actionsJune Finch
38%
Tao OkamotoLuthor's assistantMercy Graves
33%
Scoot McNairyAn employee of Wayne Enterprises who is crippled during the destruction of Metropolis and holds Superman responsibleWallace Keefe
22%
Callan MulveyA Russian terrorist who works for LuthorAnatoli Knyazev
19%

Score Distribution

Percentile by Number Answered

Percent of People with Each Score

Your Score History

You have not taken this quiz